000 00279nam a2200109Ia 4500
008 190906s9999||||xx |||||||||||||| ||und||
100 _aTariq Javed
245 0 _aHand Book Of Mercantile Law Bare Acts
260 _aKarachi
_bBabar Publications
_c2000
300 _a291
942 _cBK
999 _c5918
_d5918